Responses for Show #8196 - Monday, April 6, 2020

2020 College Championship quarterfinal game 1.

Contestants

[<< previous game]

Sirad Hassan, a senior at Princeton University from Frederick, Maryland

Emma Farrell, a senior at Carnegie Mellon University from Telford, Pennsylvania

Marshall Comeaux, a sophomore at the University of Texas at Austin from Dallas, Texas

[next game >>]

Jeopardy! Round responses

PRESIDENTIAL NICKNAMES
TV OF TODAY
COLLEGE ETYMOLOGY
MAMMALS
ALPHANUMERICS
E-COLLEGE-Y
    $200 28
Grant

Marshall
    $200 29
The Masked Singer

Emma
    $200 30
(Emma: What is a baccalaureate?)

a bachelor

MarshallEmma
    $200 13
a possum

Sirad
    $200 19
R2-D2

Marshall
    $200 12
pizza boxes

Sirad
    $400 27
(Emma: Who is Jefferson?)

Madison

EmmaSirad
    $400 7
Supergirl

Marshall
    $400 26
a lecture

Sirad
    $400 15
a giraffe

Emma
    $400 23
3M

Emma
    $400 11
(Sirad: What is University of Arizona?)
(Emma: What is Northwestern?)

Stanford

EmmaSirad
Triple Stumper
    $600 6
Nixon

Marshall
    $600 5
Barry

Marshall
    $600 25
a major

Marshall
    $600 16
a moose

Emma
    $600 22
the K-9 Corps

Emma
    $600 10
(Marshall: What is antioxidant?)

anaerobic

MarshallEmma
    $800 4
(Sirad: Who is Millard Fillmore?)

(James) Buchanan

EmmaSirad
    $800 3
Samantha Bee

Marshall
    $800 14
a prerequisite

Emma
    $2,000 17
the dromedary and Bactrian camels

Emma
    $800 21
the 4H Club

Emma
    $800 9
(Emma: What is Bowdoin?)

Colby College

Emma
Triple Stumper
    $1000 2
Wilson

Emma
    $1000 1
Empire

Sirad
    $1000 24
(Alex: Yes, good for you.)
[Laughter]

sophomore

Marshall
    $1000 18
(Marshall: What is an anteater?)

a mole

MarshallEmma
    $1000 20
(Marshall: What is the G12?)

the G7

MarshallEmma
    $1000 8
(Marshall: What is Earth Day?)

Arbor Day

MarshallEmma

Scores at the first commercial break (after clue 15):

Marshall Emma Sirad
$800 $3,400 $200

Scores at the end of the Jeopardy! Round:

Marshall Emma Sirad
$1,000 $9,400 $1,000

Double Jeopardy! Round responses

I'M YOUR NEW PERSONAL TRAINER!
COLLEGE TALES
OFFICIAL LANGUAGE IN COMMON
(Alex: We'll give you two countries, you give us the language shared by both countries as one of their official languages.)
CELEBRITY LECTURES
ART HISTORY
WHAT DO YOU STAND FOR?
    $400 30
triceps

Sirad
    $400 28
Rhodes

Marshall
    $400 24
Russian

Emma
    $400 29
[Laughter]
(Alex: Beat Marshall to it on that one.)

Texas

Sirad
    $400 25
Venus

Marshall
    $400 9
warehouse

Marshall
    $800 27
yoga

Emma
    $800 15
a community college

Marshall
    $800 23
Arabic

Sirad
    $800 22
Economics

Sirad
    $800 21
Picasso

Sirad
    $800 8
(Marshall: What is... K-9?)

Kennel

MarshallEmma
    $1200 26
(Sirad: What are triceps?)

lats

Sirad
Triple Stumper
    $1200 14
Harlem

Emma
    $1200 2
(Emma: What is Spanish?)
(Marshall: What is Portuguese?)

Dutch

MarshallEmma
Triple Stumper
    $1200 18
Monty Python

Marshall
    $1200 19
The Goldfinch

Triple Stumper
    $1200 7
processing

Emma
    $1600 12
metabolic conditioning

Triple Stumper
    $1600 13
(Scott) Fitzgerald

Marshall
    $1,000 1
[Marshall selected the first clue.]

French

Marshall
    $1600 17
Questlove

Emma
    $1600 11
the Sistine Chapel

Sirad
    $1600 6
extra virgin olive oil

Triple Stumper
    $2000 20
isometrics

Triple Stumper
    $2000 4
(Sirad: What are the Big 10?)

the Seven Sisters

Sirad
Triple Stumper
    $2000 3
Spanish & Quechua

Triple Stumper
    $2000 16
(Spike) Lee

Marshall
    $2000 10
(Emma: Who is Dali?)

Rene Magritte

Emma
Triple Stumper
    $2,000 5
(Alan) Turing

Marshall

Scores at the end of the Double Jeopardy! Round:

Marshall Emma Sirad
$8,800 $12,200 $2,600

Final Jeopardy! Round responses

WONDERS OF THE MODERN WORLD
[The "Think!" music from Sports Jeopardy! was played.]
SiradWhat is No mans land
$2,500
MarshallWhat is The Panama Canal??
$8,799
EmmaWhat is the Hoover Dam
$5,401
the Panama Canal

Final scores:

Marshall Emma Sirad
$17,599 $6,799 $100
Automatic semifinalist 2nd place: $5,000 if eliminated 3rd place: $5,000 if eliminated

Game dynamics:

Coryat scores:

Marshall Emma Sirad
$9,400 $11,000 $2,600
18 R
(including 2 DDs),
6 W
20 R
(including 1 DD),
6 W
11 R,
4 W

Combined Coryat: $23,000

[game clues] [game scores] [suggest correction]

Game tape date: 2020-02-03
The J! Archive is created by fans, for fans. Scraping, republication, monetization, and malicious use prohibited; this site may use cookies and collect identifying information. See terms. The Jeopardy! game show and all elements thereof, including but not limited to copyright and trademark thereto, are the property of Jeopardy Productions, Inc. and are protected under law. This website is not affiliated with, sponsored by, or operated by Jeopardy Productions, Inc. Join the discussion at JBoard.tv.